000 00816nab a2200253 u 4500
001 11122
003 HDC
007 cr bn ---aaaaa
008 210206c9999 |r|noo 0 a eng d
040 _aHDC
110 _aThe Brunei Times
245 0 _aMora Responds On Halal Logo For Restaurants
260 _a[no place] :
_b[publisher not identified],
_c[no year]
336 _atext
_2rdacontent
337 _acomputer
_2rdamedia
338 _aonline resource
_2rdacarrier
650 _aHalal certificate
_9482
650 _aHalal Logo
_91692
650 _aRestaurants
_92152
856 _zRequest full-text at [email protected]
942 _2lcc
942 _cNEWS
942 _kNWSO 001257
999 _c8445
_d8445